عرض عادي
عرض مارك
- Lazebnik, Felix.
مدخل إسم شخص
001 - رقم الضبط
- حقل الضبط: 14524
003 - معرف رقم الضبط
- حقل الضبط: OSt
005 - تاريخ ووقت أخر عملية
- حقل الضبط: 20120520165226.0
008 - عناصر بيانات ثابتة الطول
- حقل تحكم ثابت الطول: 120520|||a|||||| | ||| d
040 ## - مصدر الفهرسة
- هيئة الفهرسة الأصلية: OSt
- وكالة الكتابة: OSt
100 ## - مدخل -- أسم شخص
- إسم شخص: Lazebnik, Felix.
670 ## - بيانات المصدر موجوده
- الاستشهاد بالمصدر: Work cat.: (OSt)0: Byer, Owen. 14520, Methods for Euclidean geometry /, c2010.
